| 000 | 00909nam a2200277 i 4500 | ||
|---|---|---|---|
| 001 | bgj | ||
| 100 | 1 | _aCARTER, Sarah | |
| 245 | 1 | 0 |
_aWomen's studies : _ba guide to information sources / _cSarah Carter and Maureen Ritchie. |
| 250 | _a[Repr.]. | ||
| 260 |
_aLondon : _bMansel, _c1990 ; _aJefferson, NC : _bMcFarland _c1991. |
||
| 300 |
_a[XI], 278 pp ; _c23 cm. |
||
| 505 | _aIncludes bibliographical references and index. | ||
| 650 | 9 |
_aWomen's studies _xBibliography |
|
| 650 | 9 |
_aWomen's studies _xAbstracts |
|
| 650 | 9 |
_aWomen's studies _xPeriodicals |
|
| 650 | 9 |
_aWomen's studies _xInformation services |
|
| 700 | 1 |
_aRITCHIE, Maureen. _eco-author |
|
| 020 | _a0720120586 (Mansel) | ||
| 020 | _a0899505341 (McFarland) | ||
| 040 | _cBPK | ||
| 041 | 0 | _aeng | |
| 920 | _a0-7201-2058-6 (Mansel) | ||
| 920 | _a0-89950-534-1 (McFarland) | ||
| 942 | _cKS | ||
| 008 | s uk f |000 0 eng | ||
| 999 |
_c47888 _d47888 |
||